000 01366cad a22002895a 4500
001 E148069
008 090721s20090715xxk f l 000 0 eng d
035 _a(Sirsi) u148069
041 0 _aeng
050 0 4 _a333.72 $2 18
110 2 _aUnited Kingdom
_kLaws, etc.
_95044
245 0 4 _aThe Energy Performance of Buildings (Certificates and Inspections) (England and Wales) (Amendment) Regulations 2009
_h[electronic resource]
260 _aLondon
_bOPSI
_c2009
490 0 _aSI
_v(1900) 2009
520 _aAmend the Energy Performance of Buildings (Certificates and Inspections) (England and Wales) Regulations 2007 in relation to disclosure of energy performance ceritificates and recommendation reports, and display energy certificates.
520 _aComes into force on 10 August 2009.
521 _aAdvanced
590 _aKA
650 2 4 _aENERGY PERFORMANCE OF BUILDINGS (CERTIFICATES AND INSPECTIONS) (ENGLAND AND WALES) REGULATIONS 2007
650 2 4 _aDIRECTIVE 2002/91/EC
650 2 4 _aRESIDENTIAL ENERGY PERFORMANCE CERTIFICATES
650 2 4 _aCOMMERCIAL ENERGY PERFORMANCE CERTIFICATES
651 4 _aEngland and Wales
_y1543-
690 _aENVIRONMENTAL AND LAND CONSULTANCY-ENERGY-ENERGY USE-ENERGY EFFICIENCY
856 4 0 _uhttps://www.opsi.gov.uk/si/si2009/uksi_20091900_en_1
_zView the item free of charge at www.opsi.gov.uk...
942 _n0
999 _c109867
_d109867